000 01268cam a22002771i 4500
003 SA-RiAUC
005 20260210124321.0
008 260208s1982 su f f000 0 ara c
040 _aSA-JeALM
_bara
_cSA-RiAUC
_erda
043 _aa-su---
050 4 _b.B37 1981
082 0 4 _a346.53107
_qSA-RiAUC
090 _a346.53107
_bب ر ي
100 1 _aبريري، محمود مختار أحمد،
_d1941-2013
_eمؤلف.
245 1 0 _aقانون المعاملات التجارية السعودي /
_cتأليف محمود مختار أحمد بريري.
264 1 _aالرياض :
_bمعهد الإدارة العامة،
_c1982
300 _a2 جزء (385 ؛ 275 صفحة ) ؛
_c24 سم
336 _aنص
_btxt
_2rdacontent
_3كتاب
337 _aبدون وسيط
_bn
_2rdamedia
504 _aيشتمل على إرجاعات ببليوجرافية.
505 0 _aالمحتويات : مجلد 1. النظرية العامة-أشخاص القانون التجاري : التاجر الفرد-الشركات التجارية- مجلد 2. نظام الأوراق التجارية.
650 7 _aالقانون التجاري
_zالسعودية
_2aucsh
942 _2ddc
_cBOOK
_n0
949 _aSA-JeALM
_d260208
_uosman123
_n1
999 _c14275
_d14275